|
|
|
|
| LEADER |
01298nam a2200265 a 4500 |
| 001 |
3103661 |
| 008 |
100125s2000 mauab b 001 0 eng d |
| 010 |
|
|
|a 99029457
|
| 020 |
|
|
|a 0072298529 (softcover : acid-free paper)
|
| 040 |
|
|
|a DLC
|c DLC
|d DLC
|d DB-DhAAL
|
| 082 |
0 |
0 |
|a 301
|2 21
|
| 100 |
1 |
|
|a Kottak, Conrad Phillip.
|
| 245 |
1 |
0 |
|a Anthropology :
|b the exploration of human diversity /
|c Conrad Phillip Kottak.
|
| 250 |
|
|
|a 8th ed.
|
| 260 |
|
|
|a Boston :
|b McGraw-Hill,
|c c2000.
|
| 300 |
|
|
|a xxxi, 694 p. :
|b ill. (some col.), col. maps ;
|c 26 cm.
|
| 504 |
|
|
|a Includes bibliographical references (p. 613-647) and indexes.
|
| 541 |
1 |
|
|e 00010823
|
| 650 |
|
0 |
|a Anthropology.
|
| 852 |
4 |
|
|a Ayesha Abed Library
|j General Shelf.
|
| 942 |
0 |
0 |
|0 2
|
| 999 |
|
|
|c 7172
|d 7172
|
| 952 |
|
|
|0 0
|1 0
|2 ddc
|4 0
|6 301_KOT_200000000000000
|7 0
|9 7459
|a BRACUL
|b BRACUL
|c GEN
|d 2010-01-25
|l 12
|m 102
|o 301 KOT
|p 3010010823
|r 2025-01-18
|s 2024-11-26
|t 1
|w 2010-01-25
|y BK
|
| 952 |
|
|
|0 0
|1 0
|2 ddc
|4 0
|6 301_000000000000000_KOT_2000
|7 0
|9 7963
|a BRACUL
|b BRACUL
|c GEN
|d 2010-02-10
|l 7
|m 57
|o 301 KOT
|p 3010010822
|r 2019-12-29
|s 2019-07-11
|t 2
|w 2010-02-10
|y BK
|
| 952 |
|
|
|0 0
|1 0
|2 ddc
|4 0
|6 301_000000000000000_KOT
|7 0
|9 22751
|a BRACUL
|b BRACUL
|c GEN
|d 2013-06-19
|l 15
|m 119
|o 301 KOT
|p 3010012229
|r 2026-05-21
|s 2026-04-27
|t 3
|w 2013-06-19
|y BK
|x Price not available in Register
|